000 00512nam a2200193 a 4500
001 1771582486131
003 YourLibrary
005 20260220155319.0
008 260220s2010##################000#0#eng##
020 _a9781591843016
082 0 4 _a330.122
_bBRE
100 1 _aBremmer, Ian,
_eauthor.
245 1 0 _aThe End of the Free Market :
260 _bPortfolio (Hardcover),
_c2010.
300 _a230 pages
650 0 _aBusiness & Economics.
942 _cENGLISH
040 _aYourLibrary
_beng
_cYourLibrary
999 _c614434
_d614434